00259nam a2200097Ia 4500008004100000082001500041100001900056245004000075260003800115365000800153210423s2002 xx 000 0 und d a658.3 PART aPAREEK (Udai). aTraining instruments in HRD and OD. aNew DelhibTata McGraw-hillc2002 cINR